000 01801cam a2200289 4500
008 #DATE n2002 000 0 eng u
020 _a1842190962
035 _a(Sirsi) u117359
041 0 _aeng
050 0 4 _a347.4109 $2 18
110 2 _aRoyal Institution of Chartered Surveyors
_bDispute Resolution Faculty
245 0 0 _aSurveyors acting as arbitrators and as independent experts in commercial property rent reviews
_h[old edition]
250 _a8th ed.
260 _aLondon
_bRICS
_c2002
300 _aix, 74p.
_c30cm.
490 0 _aRICS Guidance Note
520 _aSuperseded by 9th edition
520 _aReflects experience gained since the new regime brought in by the Arbitration Act 1996. These notes are based upon the law and and practice in England, Wales and Northern Ireland. Much of the legislation will not apply to Scotland although legal decisions may possibly apply in the absence of guidance from the Scottish courts.
520 _aSupersedes seventh edition (ISBN 0854068015).
520 _aSuperseded by 9th edition. Separate guidance for Surveyors acting as arbitrators in commercial property rent reviews ISBN 9781783210206 2011 and Surveyors acting as independent experts in commercial property rent reviews ISBN 978783210435 2014
650 2 4 _aARBITRATION ACT 1996
651 4 _aEngland and Wales
_y1543-
651 4 _aNorthern Ireland
_y2007-
690 _aPROPERTY-COMMERCIAL PROPERTY-LEASEHOLD COMMERCIAL PROPERTY-COMMERCIAL LANDLORD AND TENANT-BUSINESS TENANCIES-RENT REVIEW (BUSINESS TENANCIES)
856 4 1 _uhttps://www.isurv.com/download/downloads/id/227/archive_surveyors_acting_as_arbitrators_and_as_independent_experts_in_commercial_property_rent_reviews_8th_edition_2002-2013.pdf
_zArchived on isurv (subscription required)
942 _n0
_2ddc
999 _c101980
_d101980